El libro del tabú /

Kaydedildi:
Detaylı Bibliyografya
Yazar: Watts, Alan (autor)
Materyal Türü: Kitap
Dil:İspanyolca
Baskı/Yayın Bilgisi: Barcelona, España : Kairós, 1993, c1972
Edisyon:6a edición
Seri Bilgileri:(Sabiduría Perenne)
Konular:
Etiketler: Etiketle
Etiket eklenmemiş, İlk siz ekleyin!

MARC

LEADER 00000nam^a2200000^a^4500
001 000051974
005 20250521000000.0
009 20260310090338.726
020 |a 84-7245-253-0 
037 |a Acervo ITESO - Biblioteca 
041 |a ESP 
082 |a 294. 5921  |b WAT 
100 |a Watts, Alan  |e (autor) 
240 1 4 |a [El libro del tabú] 
245 1 3 |a El libro del tabú /  |c A. Watts ; tr. por Rolando Hanglin. 
250 |a 6a edición 
264 4 |a Barcelona, España :  |b Kairós,  |c 1993, c1972 
300 |a 165 p. 
336 |a texto  |b txt  |2 rdacontenido 
337 |a sin mediación  |b n  |2 rdamedio 
338 |a volumen  |b nc  |2 rdasoporte 
440 1 |a (Sabiduría Perenne) 
500 |a Traducción de: The Book on the Taboo Against Knowing who You Are 
649 |a XX 
650 |a Tabúes 
650 |a Vedanta 
650 |a Hinduismo 
650 |a Filosofía Hindú 
650 |a Filosofías Orientales 
910 |a Fondo General 
920 |a Impresos - Libros 
930 |a Colección General 
905 |a 101 
901 |a 0500009537  |b IT1  |c ACC  |u 20250521 
902 |a https://opac.biblio.iteso.mx/vufind/Record/000051974